00669cam a22002294a 45000010009000000050017000090080041000260100017000670200015000840400018000990410008001170420008001250800016001330820020001491000007001691010008001762450066001849060045002509420012002959990017003079520115003241243028020171227050017.0010604s2002 mau b 001 0 eng  a 2001041052 a0767411706 aDLCcDLCdDLC aeng apcc a306.071 HIR00a306.071 HIR2211 a46 aEDU10aEvery day, everywhere :cStuart Hirschberg, Terry Hirschberg. a7bcbccorignewd1eocipf20gy-gencatlg 2ddccBK c39481d39481 00102udc40708PËKGa002b002cPËKGd2017-12-27l0o306.071 HIRp002-2994008r2017-12-27w2017-12-27yBK